000 00475nam a2200193Ia 4500
005 20250603145755.0
008 250603s9999 xx 000 0 und d
020 _a9781260084306
050 _aHD 30.28 .D47/
100 _aDess, Gregory G.
245 0 _aStrategic management: creating competitive advantages
250 _a9th ed.
260 _aNew York
260 _bMcGraw-Hill Education
260 _c2019
300 _a433 p
650 _aNew York
942 _cBK
999 _c42816
_d42816